Officially Neutral Countries in World War Two - Statistics

General Stats
  • This quiz has been taken 184 times
  • The average score is 7 of 11
Answer Stats
Region Country % Correct
Europe Switzerland
95%
Europe Sweden
87%
Europe Spain
85%
Europe Portugal
84%
Europe Vatican City
68%
Europe Ireland
67%
Europe Andorra
66%
Europe Liechtenstein
66%
Middle East Yemen
47%
Asia Afghanistan
40%
Asia Tibet
15%
No matching quizzes found
Score Distribution
Percent of People with Each Score
Percentile by Number Answered
Your Score History
You have not taken this quiz